<?xml version="1.0" encoding="UTF-8"?>
<record
    xmlns:xsi="http://www.w3.org/2001/XMLSchema-instance"
    xsi:schemaLocation="http://www.loc.gov/MARC21/slim http://www.loc.gov/standards/marcxml/schema/MARC21slim.xsd"
    xmlns="http://www.loc.gov/MARC21/slim">

  <leader>00607nam a22001457a 4500</leader>
  <datafield tag="999" ind1=" " ind2=" ">
    <subfield code="c">127612</subfield>
    <subfield code="d">127612</subfield>
  </datafield>
  <controlfield tag="005">20220805115613.0</controlfield>
  <controlfield tag="008">220805b           ||||| |||| 00| 0 eng d</controlfield>
  <datafield tag="040" ind1=" " ind2=" ">
    <subfield code="c">PK-LaUMT</subfield>
  </datafield>
  <datafield tag="082" ind1=" " ind2=" ">
    <subfield code="a">APC 297.2112</subfield>
    <subfield code="b">MIR-I</subfield>
  </datafield>
  <datafield tag="100" ind1=" " ind2=" ">
    <subfield code="a">Mir Muhammad Sadiq Qadiri Sarwari = &#x645;&#x6CC;&#x631; &#x645;&#x62D;&#x645;&#x62F; &#x635;&#x627;&#x62F;&#x642; &#x642;&#x627;&#x62F;&#x631;&#x6CC; &#x633;&#x631;&#x648;&#x631;&#x6CC;</subfield>
  </datafield>
  <datafield tag="245" ind1=" " ind2=" ">
    <subfield code="a">Intikhab ul jafar mosoom bah Israr i Nadiri =  &#x627;&#x646;&#x62A;&#x62E;&#x627;&#x628; &#x627;&#x644;&#x62C;&#x639;&#x641;&#x631; &#x645;&#x648;&#x633;&#x648;&#x645; &#x628;&#x6C1; &#x627;&#x633;&#x631;&#x627;&#x631; &#x646;&#x627;&#x62F;&#x631;&#x6CC; /</subfield>
    <subfield code="c">by Mir Muhammad Sadiq Qadiri Sarwari = &#x645;&#x6CC;&#x631; &#x645;&#x62D;&#x645;&#x62F; &#x635;&#x627;&#x62F;&#x642; &#x642;&#x627;&#x62F;&#x631;&#x6CC; &#x633;&#x631;&#x648;&#x631;&#x6CC;</subfield>
  </datafield>
  <datafield tag="260" ind1=" " ind2=" ">
    <subfield code="a">Gujrat :</subfield>
    <subfield code="b">Tameer i Nau Press,</subfield>
    <subfield code="c">NA</subfield>
  </datafield>
  <datafield tag="300" ind1=" " ind2=" ">
    <subfield code="a">149 p.</subfield>
  </datafield>
  <datafield tag="942" ind1=" " ind2=" ">
    <subfield code="c">BK</subfield>
  </datafield>
  <datafield tag="952" ind1=" " ind2=" ">
    <subfield code="0">0</subfield>
    <subfield code="1">0</subfield>
    <subfield code="4">0</subfield>
    <subfield code="7">0</subfield>
    <subfield code="a">01</subfield>
    <subfield code="b">01</subfield>
    <subfield code="d">2022-08-05</subfield>
    <subfield code="l">0</subfield>
    <subfield code="o">APC 297.2112 MIR-I</subfield>
    <subfield code="p">143530</subfield>
    <subfield code="r">2022-08-05 00:00:00</subfield>
    <subfield code="w">2022-08-05</subfield>
    <subfield code="y">BK</subfield>
  </datafield>
</record>
